<?xml version="1.0" encoding="UTF-8"?>
<record
    xmlns:xsi="http://www.w3.org/2001/XMLSchema-instance"
    xsi:schemaLocation="http://www.loc.gov/MARC21/slim http://www.loc.gov/standards/marcxml/schema/MARC21slim.xsd"
    xmlns="http://www.loc.gov/MARC21/slim">

  <leader>01605nam a2200241Ia 4500</leader>
  <controlfield tag="001">b6778-48809 </controlfield>
  <controlfield tag="003">IT-MiCISF</controlfield>
  <controlfield tag="005">20240523114927.0</controlfield>
  <controlfield tag="008">161014s9999||||xx |||||||||||||| ||und||</controlfield>
  <datafield tag="040" ind1=" " ind2=" ">
    <subfield code="a">IT-MiCISF</subfield>
    <subfield code="c">IT-MiCISF</subfield>
  </datafield>
  <datafield tag="041" ind1=" " ind2=" ">
    <subfield code="a">it</subfield>
  </datafield>
  <datafield tag="100" ind1=" " ind2=" ">
    <subfield code="a">Recalcati Massimo (a cura di)</subfield>
    <subfield code="9">60729</subfield>
  </datafield>
  <datafield tag="245" ind1=" " ind2="0">
    <subfield code="a">Il soggetto vuoto.</subfield>
    <subfield code="b">Clinica psicoanalitica delle nuove forme del sintomo</subfield>
  </datafield>
  <datafield tag="260" ind1=" " ind2=" ">
    <subfield code="a"> Trento,</subfield>
    <subfield code="b">Erickson,</subfield>
    <subfield code="c">2011</subfield>
  </datafield>
  <datafield tag="300" ind1=" " ind2=" ">
    <subfield code="a">pp. 269</subfield>
  </datafield>
  <datafield tag="500" ind1=" " ind2=" ">
    <subfield code="a">terapia, disturbi-alimentazione, salute-mentale, tossicodipenza, dipendenza-patologica, psicoanalisi, adolescenza, scuola, separazione, psichiatria, salute-mentale </subfield>
  </datafield>
  <datafield tag="520" ind1=" " ind2=" ">
    <subfield code="a">In questo libro si indagano le forme contemporanee del disagio della societ&#xE0;: anoressie, dipendenze patologiche, bulimie, tossicomanie, depressioni e attacchi di panico. Si tratta di fenomeni di natura epidemica, che impongono una nuova psicologia delle masse e un nuovo ritratto della nozione stessa di sintomo. In questo libro il lettore trover&#xE0; brani scelti di insegnamento su questi temi. Il suo stile chiaro e "parlato" e la sua impostazione non solo psicopatologica ma aperta a una riflessione pi&#xF9; ampia sulla natura dei legami sociali lo connotano come uno strumento utile per tutti coloro che vogliano avere una comprensione pi&#xF9; critica e consapevole del nostro tempo.</subfield>
  </datafield>
  <datafield tag="650" ind1=" " ind2=" ">
    <subfield code="a">Terapia</subfield>
    <subfield code="e">001</subfield>
  </datafield>
  <datafield tag="654" ind1=" " ind2=" ">
    <subfield code="a">saggio</subfield>
  </datafield>
  <datafield tag="700" ind1=" " ind2=" ">
    <subfield code="a">Castrillejo M., Lolli F., Zuccardi Merli U., Gottardis P., Giglio F., Ranieri N.,</subfield>
    <subfield code="a"> Pozzetti R., Rodriguez M.T., Bani S., Prandini O., Mierolo G., Oggioni C. </subfield>
    <subfield code="9">60730</subfield>
  </datafield>
  <datafield tag="942" ind1=" " ind2=" ">
    <subfield code="c">BK</subfield>
    <subfield code="2">ddc</subfield>
  </datafield>
  <datafield tag="999" ind1=" " ind2=" ">
    <subfield code="c">210231</subfield>
    <subfield code="d">210231</subfield>
  </datafield>
  <datafield tag="999" ind1=" " ind2=" ">
    <subfield code="b">si</subfield>
  </datafield>
  <datafield tag="952" ind1=" " ind2=" ">
    <subfield code="0">0</subfield>
    <subfield code="1">0</subfield>
    <subfield code="4">0</subfield>
    <subfield code="6">B_677848809</subfield>
    <subfield code="7">1</subfield>
    <subfield code="a">CISF</subfield>
    <subfield code="b">CISF</subfield>
    <subfield code="d">2016-10-14</subfield>
    <subfield code="l">0</subfield>
    <subfield code="o">b6778-48809 </subfield>
    <subfield code="r">2016-10-14 00:00:00</subfield>
    <subfield code="w">2016-10-14</subfield>
    <subfield code="y">BK</subfield>
    <subfield code="z">Data import 15.10.2016 / by Epidotti, Vaglietti</subfield>
  </datafield>
</record>
